000 00999cam a2200289 a 4500
001 000011682
005 20200929162528.0
008 040331s2001 pr b 001 0 spa d
020 _a156328166X (pbk.)
035 _a(OCoLC)ocm47059478
040 _aDO-SdBNP
_cPBR
_dGZM
_dPL#
_dI5B
_dDLC
042 _alccopycat
043 _anwpr---
082 _a641.5
_bR696e
100 1 _aRodríguez Julia, Edgardo,
_d1946-
_919892
245 1 0 _aElogio de la Fonda /
_cEdgardo Rodríguez Julia.
260 _aSan Juan, Puerto Rico :
_bPlaza Mayor,
_c2001.
300 _a182 p. ;
_c21 cm.
490 1 _aBiblioteca de autores de Puerto Rico.
_aCrónica
504 _aIncluye referencias bibliográficas (p. [181] -182).
650 4 _aCocina puertorriqueña.
_927687
653 _aGASTRONOMIA
_aENSAYOS, CONFERENCIAS, ETC.
653 _aCOCINA
_aENSAYOS, CONFERENCIAS, ETCc.
830 0 _aBiblioteca de autores de Puerto Rico ;
_pCrónica
_927688
910 _aCatalogación derivada / LC
049 _aBNGR
999 _c11368
_d11368